KOHA-Header-6

Local Area Networks (Record no. 6563)

000 -LEADER
fixed length control field 00254nam a2200109Ia 4500
100 ## - MAIN ENTRY--AUTHOR NAME
Personal name David A. Stamper
245 #0 - TITLE STATEMENT
Title Local Area Networks
260 ## - PUBLICATION, DISTRIBUTION, ETC. (IMPRINT)
Place of publication USA
Name of publisher McGraw -Hill
Year of publication 1997
300 ## - PHYSICAL DESCRIPTION
Number of Pages 462
942 ## - ADDED ENTRY ELEMENTS (KOHA)
Koha item type Books
Holdings
Withdrawn status Lost status Collection code Permanent Location Current Location Shelving location Date acquired Full call number Accession Number Koha item type
    Computer Networking MAJU MAJU   2019-09-07 658.575 3110 Computer Networking

Powered by Koha